000 00549nam a22002057a 4500
005 20180720153254.0
008 180720b xxu||||| |||| 00| 0 eng d
020 _a9780349008387
_c₹ 799.00
040 _aLoreto College
041 _aEnglish
082 _aF
_bMEK
100 _aMekhennt, Souad
245 _aI was told to come alone
_bMy journey behind the lines of jihad
_cSouad Mekhennet
260 _aLondon
_bVirago
_c2017
300 _a354 p.
_b26 cm.
504 _aIncludes index
650 _aFiction
850 _aLCLIB
942 _cBK
999 _c41701
_d92180